[Event "4NCL Online Division 3"]
[Site "online"]
[Date "2022.02.08"]
[EventDate "2022.02.08"]
[Round "2.83"]
[White "Jones, Bryan"]
[WhiteElo "1552"]
[WhiteTeam "Cornish Pirates"]
[Black "Wooster, Nick"]
[BlackElo "1637"]
[BlackTeam "Hertford 2"]
[Result "1/2-1/2"]

1. e4 c5 2. Nc3 e6 3. Nge2 d6 4. d4 cxd4 5. Nxd4 Nf6 6. Be2 Be7 7. O-O O-O 8. Be3 Nc6 9. Nxc6 bxc6 10. Qd2 Qc7 11. f4 Bb7 12. Bf3 Rfd8 13. Qf2 c5 14. Rad1 Rab8 15. Rfe1 Ba8 16. e5 dxe5 17. fxe5 Nd5 18. Nxd5 Bxd5 19. Bxd5 Rxd5 20. Rxd5 exd5 21. Bc1 Rd8 22. Rf1 Rf8 23. Bf4 Qc6 24. Qf3 c4 25. Be3 Bc5 26. Rd1 Rd8 27. Bd4 Bxd4+ 28. Rxd4 Qe6 29. Qd1 Qxe5 30. Rxc4 Qxb2 31. Qxd5 Qb6+ 32. Qc5 Qb1+ 33. Kf2 Rd2+ 34. Kg3 Qe1+ 35. Kh3 Qe6+ 36. Kg3 Qe1+ 37. Kh3 Qe6+ 38. Kg3 1/2-1/2

[Event "4NCL Online Division 3"]
[Site "online"]
[Date "2022.02.08"]
[EventDate "2022.02.08"]
[Round "2.84"]
[White "Marshall, Duncan"]
[WhiteElo "1617"]
[WhiteTeam "Hertford 2"]
[Black "Nancarrow, Richard"]
[BlackElo "1454"]
[BlackTeam "Cornish Pirates"]
[Result "1-0"]

1. d4 d5 2. e3 e6 3. Bd3 Bd6 4. f4 Nf6 5. Nd2 Nc6 6. c3 a6 7. Ngf3 O-O 8. O-O h6 9. Ne5 Nh7 10. e4 Nxe5 11. fxe5 Be7 12. Qg4 c6 13. Nf3 Bg5 14. Nxg5 Nxg5 15. h4 Nxe4 16. Bxh6 g6 17. Bxe4 dxe4 18. Bxf8 Qxf8 19. Qxe4 Qh6 20. Rf2 Bd7 21. Raf1 Rf8 22. a4 Be8 23. b4 Kg7 24. Qf4 Qh5 25. Qf6+ Kh6 26. a5 Rh8 1-0

[Event "4NCL Online Division 3"]
[Site "online"]
[Date "2022.02.08"]
[EventDate "2022.02.08"]
[Round "2.91"]
[White "Foale, Ron"]
[WhiteElo "1665"]
[WhiteTeam "Uxbridge B"]
[Black "Love, Phil"]
[BlackElo "1631"]
[BlackTeam "Shropshire and Friends 5"]
[Result "0-1"]

1. e4 c5 2. Nf3 Nc6 3. c3 g6 4. d4 cxd4 5. cxd4 Bg7 6. Nc3 Qb6 7. Nd5 Qd8 8. Bc4 e6 9. Nc3 Nge7 10. O-O O-O 11. Bf4 d5 12. exd5 exd5 13. Bb3 Bg4 14. Nb5 Bxf3 15. gxf3 a6 16. Nd6 Qb6 17. Rc1 Bxd4 18. Rc2 Rfd8 19. Re1 Rd7 20. Qe2 Qb4 21. Nxf7 Kxf7 22. Qe6+ Kf8 23. Bh6+ Bg7 24. Qf6+ Ke8 25. Bxg7 Qxe1+ 26. Kg2 Rdd8 0-1

[Event "4NCL Online Division 3"]
[Site "online"]
[Date "2022.02.08"]
[EventDate "2022.02.08"]
[Round "2.92"]
[White "Westhead, John A"]
[WhiteElo "1603"]
[WhiteTeam "Shropshire and Friends 5"]
[Black "Foster, Brian E"]
[BlackElo "1627"]
[BlackTeam "Uxbridge B"]
[Result "1/2-1/2"]

1. d4 Nf6 2. c4 c6 3. Nc3 d5 4. cxd5 cxd5 5. Nf3 Nc6 6. Bf4 Bd7 7. e3 Bf5 8. a3 Bg4 9. h3 Bh5 10. Be2 e6 11. O-O Be7 12. Rc1 O-O 13. Re1 Rc8 14. Ne5 Bxe2 15. Rxe2 Nxe5 16. Bxe5 Bd6 17. Bxd6 Qxd6 18. Rec2 Qd7 19. b4 a6 20. Qd3 b5 21. a4 Rb8 22. axb5 axb5 23. Ne2 Ne4 24. Rc7 Qd8 25. Ra7 Nd6 26. Rcc7 Nc4 27. Nc1 Ra8 28. Nb3 Rxa7 29. Rxa7 Qb8 30. Ra6 Rd8 31. Nc5 g6 32. Qc2 Rd6 33. Qa2 Rxa6 34. Qxa6 Qb6 35. Qa8+ Kg7 36. Nd7 Qd6 37. Qb7 Qxb4 38. Qc8 Qe7 39. Nc5 Nd6 40. Qc6 h5 41. Nd3 f6 42. g3 g5 43. Kg2 Kg6 44. Nc5 f5 45. Nd7 b4 46. Ne5+ Kf6 47. Qc5 Nb7 48. Qb5 Kg7 49. Nc6 Qd7 50. Qb6 b3 51. Ne5 Qe7 52. Qxb3 Na5 53. Qb5 Nb7 54. Qb6 Nd6 55. Nc6 Qb7 56. Qxb7+ Nxb7 57. Ne5 1/2-1/2

[Event "4NCL Online Division 3"]
[Site "online"]
[Date "2022.02.08"]
[EventDate "2022.02.08"]
[Round "2.93"]
[White "Gauri, Dhairye"]
[WhiteElo "1609"]
[WhiteTeam "Uxbridge B"]
[Black "Holmes, Nick D"]
[BlackElo "1563"]
[BlackTeam "Shropshire and Friends 5"]
[Result "0-1"]

1. e4 c5 2. Nf3 d6 3. d4 cxd4 4. Nxd4 a6 5. Bc4 Nf6 6. Nc3 e5 7. Nf3 Be7 8. Bg5 O-O 9. O-O b5 10. Bxf6 Bxf6 11. Bd5 Ra7 12. Qd3 b4 13. Ne2 Nd7 14. c3 Nc5 15. Qe3 a5 16. a3 Qc7 17. cxb4 axb4 18. axb4 Rxa1 19. Rxa1 Nd7 20. Rc1 Qd8 21. Nc3 Qe7 22. Nb5 Ba6 23. Nc7 Bc8 24. b5 Nc5 25. b4 Qxc7 26. bxc5 dxc5 27. Rxc5 Qb6 28. Qc3 Bg4 29. Nd2 h6 30. Bc6 Rd8 31. Rd5 Be2 32. Rxd8+ Qxd8 33. f3 Qb6+ 34. Kh1 Qf2 35. h3 Qe1+ 36. Kh2 Bg5 37. Qxe5 Qxd2 38. Qe8+ Kh7 39. Qxf7 Bf4+ 40. g3 Bxf3+ 41. Kg1 Qe1+ 42. Kh2 Qf2# 0-1

[Event "4NCL Online Division 3"]
[Site "online"]
[Date "2022.02.08"]
[EventDate "2022.02.08"]
[Round "2.94"]
[White "Thompson, Richard G"]
[WhiteElo "1475"]
[WhiteTeam "Shropshire and Friends 5"]
[Black "Sagade, Nivedita"]
[BlackElo "1606"]
[BlackTeam "Uxbridge B"]
[Result "0-1"]

1. d4 Nf6 2. Nf3 g6 3. Bf4 d6 4. Nc3 Bg7 5. e4 Nbd7 6. Qd2 O-O 7. O-O-O Re8 8. h3 b6 9. Be2 Bb7 10. Qe3 Qc8 11. e5 Nd5 12. Nxd5 Bxd5 13. c4 Bb7 14. Bh6 Bh8 15. Qf4 dxe5 16. dxe5 e6 17. h4 c5 18. h5 Qc7 19. hxg6 fxg6 20. Rd3 Nxe5 21. Nxe5 Qxe5 22. Qxe5 Bxe5 23. Rd7 Bxg2 24. Rh4 Bf6 25. Rg4 Bc6 26. Rc7 Rec8 27. Rxc6 Rxc6 28. Bf3 Rcc8 29. Bxa8 Rxa8 30. Re4 Re8 31. b3 Bg7 32. Be3 Kf7 33. Rf4+ Ke7 34. Rh4 h5 35. Kd2 Rf8 36. Ke2 Rf5 37. f4 Bf6 38. Rh1 e5 39. Rf1 exf4 40. Rxf4 Rxf4 41. Bxf4 Bd4 42. Bb8 a6 43. Ba7 b5 44. cxb5 axb5 45. b4 Kd6 46. Kd3 Kd5 47. bxc5 Bxc5 48. Bb8 Bd6 49. Ba7 h4 50. Ke2 Ke4 51. Kf2 g5 52. Kg2 g4 53. Bg1 h3+ 54. Kh1 g3 55. Bb6 g2+ 56. Kg1 Kf3 57. a4 h2# 0-1

[Event "4NCL Online Division 3"]
[Site "online"]
[Date "2022.02.08"]
[EventDate "2022.02.08"]
[Round "2.101"]
[White "Cook, Philip"]
[WhiteElo "2106"]
[WhiteTeam "Hebden Bridge 1"]
[Black "Smith, Ryan S"]
[BlackElo "1936"]
[BlackTeam "Brentwood Juniors"]
[Result "1-0"]

1. d4 Nf6 2. Nf3 g6 3. g3 Bg7 4. Bg2 O-O 5. O-O d6 6. b3 e5 7. dxe5 Ng4 8. Bb2 Nc6 9. Qc1 dxe5 10. h3 Nh6 11. Rd1 Qe8 12. e4 f5 13. Nc3 fxe4 14. Nxe4 Bf5 15. Nfg5 Rd8 16. Ba3 Nd4 17. Re1 Nf7 18. Bxf8 Qxf8 19. c3 Nxg5 20. Nxg5 Nc2 21. Ne6 Qe7 22. Nxd8 Qxd8 23. Rd1 Qe7 24. Rb1 1-0

[Event "4NCL Online Division 3"]
[Site "online"]
[Date "2022.02.08"]
[EventDate "2022.02.08"]
[Round "2.102"]
[White "Pert, Max"]
[WhiteElo "1692"]
[WhiteTeam "Brentwood Juniors"]
[Black "Eagleton, Greg T"]
[BlackElo "2083"]
[BlackTeam "Hebden Bridge 1"]
[Result "0-1"]

1. d4 Nf6 2. Bg5 c5 3. d5 d6 4. Nc3 Nbd7 5. e4 g6 6. Be2 Bg7 7. Nf3 a6 8. a4 Qc7 9. Nd2 O-O 10. Nc4 Rb8 11. Ne3 h6 12. Bxf6 Nxf6 13. f3 Nh5 14. a5 b5 15. axb6 Rxb6 16. Nc4 Rb4 17. Qd2 Rd8 18. O-O e6 19. Rfb1 Bd4+ 20. Kf1 g5 21. g3 Nf6 22. Na5 exd5 23. Nxd5 Bh3+ 24. Ke1 Nxd5 25. exd5 Bxb2 26. Nc6 Bxa1 27. Nxb4 cxb4 28. Rxa1 a5 29. g4 Qc5 30. Kd1 Qg1+ 31. Qe1 Qd4+ 0-1

[Event "4NCL Online Division 3"]
[Site "online"]
[Date "2022.02.08"]
[EventDate "2022.02.08"]
[Round "2.103"]
[White "Clarkson, Andrew"]
[WhiteElo "2063"]
[WhiteTeam "Hebden Bridge 1"]
[Black "Omoruyi, Jaden"]
[BlackElo "1527"]
[BlackTeam "Brentwood Juniors"]
[Result "1-0"]

1. e4 e6 2. d4 d5 3. Nc3 Nf6 4. Bg5 Be7 5. e5 Nfd7 6. h4 a6 7. Qg4 c5 8. Bxe7 Qxe7 9. Qxg7 Rf8 10. dxc5 Qxc5 11. Nf3 Nc6 12. Bd3 d4 13. Ne4 Qa5+ 14. Ke2 Ndxe5 15. Nfg5 Qc7 16. Nxh7 1-0

[Event "4NCL Online Division 3"]
[Site "online"]
[Date "2022.02.08"]
[EventDate "2022.02.08"]
[Round "2.104"]
[White "Mouratidis, Markos"]
[WhiteElo "1152"]
[WhiteTeam "Brentwood Juniors"]
[Black "Leonard, Pete"]
[BlackElo "1844"]
[BlackTeam "Hebden Bridge 1"]
[Result "0-1"]

1. e4 Nf6 2. e5 Nd5 3. d4 d6 4. Bc4 Nb6 5. Bb3 dxe5 6. Nf3 exd4 7. Ne5 e6 8. Qh5 Qf6 9. O-O g6 10. Qe2 Bg7 11. f4 O-O 12. Nd2 c5 13. Bc4 Qe7 14. b3 Nc6 15. Ba3 Nxe5 16. fxe5 Qc7 17. Rae1 Nd5 18. Bxd5 exd5 19. h3 Be6 20. Qb5 b6 21. Nf3 Rfe8 22. Qe2 Bf5 23. g4 Be4 24. Ng5 Qxe5 25. Nxe4 dxe4 26. Qf2 Rf8 27. Qg2 Rae8 28. Re2 f5 29. gxf5 Rxf5 30. Ree1 Rg5 31. Qxg5 Qxg5+ 32. Kh1 Qg3 33. Re2 Qxh3+ 34. Kg1 Rf8 35. Rxf8+ Bxf8 36. Rxe4 Qg3+ 37. Kf1 Qf3+ 38. Ke1 Qxe4+ 39. Kd1 Bh6 40. Bc1 Qf3+ 41. Ke1 Bxc1 42. c3 Be3 43. cxd4 Qf2+ 44. Kd1 Qd2# 0-1

[Event "4NCL Online Division 3"]
[Site "online"]
[Date "2022.02.08"]
[EventDate "2022.02.08"]
[Round "2.111"]
[White "Robins, Andrew"]
[WhiteElo "1736"]
[WhiteTeam "Ashfield Anonymous D"]
[Black "de Jonge, Henk"]
[BlackElo "1945"]
[BlackTeam "Cork A"]
[Result "1-0"]

1. e4 c6 2. d4 d5 3. f3 g6 4. Nc3 Bg7 5. Be3 dxe4 6. fxe4 Nf6 7. Nf3 Bg4 8. Be2 Qa5 9. O-O O-O 10. e5 Nd5 11. Nxd5 cxd5 12. c3 a6 13. h3 Bxf3 14. Bxf3 f5 15. Qb3 e6 16. Qxb7 Rf7 17. Qxa8 Qb6 18. Bxd5 Ra7 19. Bxe6+ Kh8 20. Qd5 Re7 21. Bf7 Rxe5 22. Bf4 Rxd5 23. Bxd5 Bxd4+ 24. Kh1 Bf6 25. Rfe1 Qd8 26. Rad1 Kg7 27. Bc6 Qc8 28. Ba4 Qc4 29. Bxb8 Qxa4 30. a3 Qb5 31. Bf4 g5 32. Bc1 g4 33. Rd6 gxh3 34. gxh3 Bh4 35. Red1 Qe2 36. Rd7+ Kf8 37. Bh6+ Ke8 38. R7d3 Qe4+ 39. Kg1 Qe2 40. Re3+ 1-0

[Event "4NCL Online Division 3"]
[Site "online"]
[Date "2022.02.08"]
[EventDate "2022.02.08"]
[Round "2.112"]
[White "Lawrence, Simon"]
[WhiteElo "1682"]
[WhiteTeam "Cork A"]
[Black "Taylor, Robert P"]
[BlackElo "1639"]
[BlackTeam "Ashfield Anonymous D"]
[Result "1-0"]

1. d4 d5 2. c4 c6 3. Nc3 e6 4. Nf3 Nf6 5. e3 Bd6 6. Bd3 O-O 7. O-O Nbd7 8. e4 dxe4 9. Nxe4 Nxe4 10. Bxe4 f5 11. Bc2 Nf6 12. Bg5 Qc7 13. c5 Bf4 14. Bxf4 Qxf4 15. g3 Qh6 16. Qe2 Nd5 17. Ne5 f4 18. Be4 Qh3 19. a3 Nf6 20. Bg2 Qh6 21. b4 Nd7 22. Nd3 g5 23. gxf4 gxf4 24. Kh1 Qf6 25. Rg1 Kh8 26. Be4 e5 27. Qh5 Rf7 28. Rg5 Rg7 29. Rag1 Rxg5 30. Qxh7# 1-0

[Event "4NCL Online Division 3"]
[Site "online"]
[Date "2022.02.08"]
[EventDate "2022.02.08"]
[Round "2.113"]
[White "Fraser, Chris"]
[WhiteElo "1562"]
[WhiteTeam "Ashfield Anonymous D"]
[Black "Twomey, Liam"]
[BlackElo "1471"]
[BlackTeam "Cork A"]
[Result "0-1"]

1. e4 d5 2. exd5 Nf6 3. Nf3 Qxd5 4. d4 Bg4 5. Be2 Nc6 6. h3 Bh5 7. O-O O-O-O 8. c4 Qd7 9. d5 Qe8 10. Qa4 Nd4 11. Qd1 Nxe2+ 12. Qxe2 e5 13. Qxe5 Bxf3 14. Qf5+ Rd7 15. Qxf3 Bd6 16. Bf4 Bxf4 17. Qxf4 Qe2 18. b3 Qb2 19. Nd2 Re8 20. Nf3 Rde7 21. Qd4 Re2 22. Qxb2 Rxb2 23. Rfe1 Ree2 24. Rxe2 Rxe2 25. Kf1 Rb2 26. Ng5 b5 27. Nxf7 bxc4 28. bxc4 Rc2 29. Ne5 Ne4 30. f3 Nd2+ 31. Ke1 Nxc4 32. Nxc4 Rxc4 33. Rd1 Ra4 34. Rd2 Ra6 35. Kf2 Kd7 36. Ke3 Ra4 37. g3 Kd6 38. f4 Ra3+ 39. Kf2 Ra5 40. Kf3 Rxd5 41. Ke3 Rxd2 42. Kxd2 Kd5 43. Kd3 c5 44. g4 c4+ 45. Kc3 Ke4 46. f5 Kf4 47. Kxc4 h6 48. Kd4 Kg3 49. Ke4 a6 50. a3 Kxh3 51. Kf3 Kh4 52. Kf4 a5 53. a4 Kh3 54. g5 hxg5+ 55. Kxg5 Kg3 56. f6 gxf6+ 57. Kxf6 Kf4 58. Ke6 Ke4 59. Kd6 Kd4 60. Kc6 Kc4 61. Kb6 Kb4 62. Kc6 Kxa4 63. Kc5 Kb3 64. Kb5 a4 65. Ka5 a3 0-1

[Event "4NCL Online Division 3"]
[Site "online"]
[Date "2022.02.08"]
[EventDate "2022.02.08"]
[Round "2.114"]
[White "Sharma, Vaibhav"]
[WhiteElo "1501"]
[WhiteTeam "Cork A"]
[Black "Pitts, Daniel"]
[BlackElo "1291"]
[BlackTeam "Ashfield Anonymous D"]
[Result "1-0"]

1. d4 d5 2. e3 e6 3. g3 Nf6 4. Bg2 c5 5. Nf3 Nc6 6. a3 Qc7 7. O-O Be7 8. Nc3 O-O 9. dxc5 Bxc5 10. b4 Bd6 11. Nb5 Qd7 12. Nxd6 Qxd6 13. Bb2 e5 14. c4 d4 15. c5 Qd7 16. exd4 e4 17. Ne5 Nxe5 18. dxe5 Ng4 19. Bxe4 Qe6 20. Qe2 f5 21. Bb1 Re8 22. Ba2 Qxa2 23. Rxa2 Be6 24. Raa1 Rf8 25. h3 Nh6 26. f4 Rac8 27. Rad1 b6 28. Rd6 Rfe8 29. Qb5 Nf7 30. Rxe6 Rxe6 31. Qd7 Ree8 32. e6 Red8 33. Qxf7+ Kh8 34. Qxg7# 1-0

[Event "4NCL Online Division 3"]
[Site "online"]
[Date "2022.02.08"]
[EventDate "2022.02.08"]
[Round "2.121"]
[White "Ye, Tim"]
[WhiteElo "1364"]
[WhiteTeam "Manchester Juniors B"]
[Black "Dobbie, Graham"]
[BlackElo "1823"]
[BlackTeam "East Kilbride Strollers"]
[Result "0-1"]

1. e4 c5 2. c3 Nf6 3. e5 Nd5 4. d4 cxd4 5. cxd4 d6 6. Nf3 Nc6 7. Bc4 Nb6 8. Bb3 dxe5 9. dxe5 Bg4 10. Bf4 Qxd1+ 11. Bxd1 Nd5 12. Bg3 e6 13. O-O Bc5 14. h3 Bh5 15. Be2 O-O 16. Nbd2 Rfd8 17. Nb3 Bb6 18. Rfd1 Rac8 19. Rac1 Nce7 20. Bh4 f6 21. exf6 gxf6 22. Bc4 Bf7 23. Nbd4 e5 24. Nb3 Kg7 25. Nbd2 Nf5 26. Ne4 Nxh4 27. Nxh4 Be6 28. Nf3 Nf4 29. Bxe6 Rxc1 30. Rxc1 Ne2+ 31. Kf1 Nxc1 32. Kg1 Nd3 33. Ng3 Bxf2+ 34. Kh2 Bxg3+ 35. Kxg3 Rd6 36. Bb3 Nxb2 37. Kf2 Nd3+ 38. Ke3 Nf4 39. Nh4 Rd3+ 40. Ke4 Rd2 41. Nf5+ Kf8 42. Ne3 Nxg2 43. Nxg2 Rxg2 44. Kf5 Ke7 45. Bd5 Rf2+ 46. Kg4 b6 47. Be4 Rf4+ 0-1

[Event "4NCL Online Division 3"]
[Site "online"]
[Date "2022.02.08"]
[EventDate "2022.02.08"]
[Round "2.122"]
[White "Robertson, Jim"]
[WhiteElo "1703"]
[WhiteTeam "East Kilbride Strollers"]
[Black "Burke, Alexander"]
[BlackElo "1249"]
[BlackTeam "Manchester Juniors B"]
[Result "1-0"]

1. d4 d5 2. e3 Nf6 3. f4 g6 4. Bd3 Bg7 5. Nd2 Nbd7 6. Ngf3 c5 7. c3 a6 8. a4 c4 9. Bc2 e6 10. O-O O-O 11. Ne5 Rb8 12. a5 Nxe5 13. fxe5 Nd7 14. b4 b5 15. Qg4 Bb7 16. e4 dxe4 17. Nxe4 f5 18. exf6 Nxf6 19. Nxf6+ Bxf6 20. Bh6 Rf7 21. Rae1 Bd5 22. Re3 Bg7 23. Rxf7 Kxf7 24. Qf4+ Kg8 25. Bxg7 Kxg7 26. Qe5+ Kg8 27. Rg3 Qe8 28. h4 Kf7 29. h5 gxh5 30. Qg7# 1-0

[Event "4NCL Online Division 3"]
[Site "online"]
[Date "2022.02.08"]
[EventDate "2022.02.08"]
[Round "2.123"]
[White "Eccleston, Rowan"]
[WhiteElo "1233"]
[WhiteTeam "Manchester Juniors B"]
[Black "Stewart, Alastair G"]
[BlackElo "1576"]
[BlackTeam "East Kilbride Strollers"]
[Result "0-1"]

1. f4 e5 2. fxe5 d6 3. Nf3 dxe5 4. Nxe5 Bd6 5. Nf3 Nf6 6. e3 Ng4 7. g3 h5 8. Nh4 Nxh2 9. Rg1 Bxg3+ 10. Rxg3 Qxh4 11. Kf2 Ng4+ 12. Kf3 Qf6+ 13. Ke2 Qf2+ 14. Kd3 Qxg3 15. Nc3 Nf2+ 0-1

[Event "4NCL Online Division 3"]
[Site "online"]
[Date "2022.02.08"]
[EventDate "2022.02.08"]
[Round "2.124"]
[White "Shrestha, Unnabh"]
[WhiteElo "1439"]
[WhiteTeam "East Kilbride Strollers"]
[Black "Benhamida, Jude"]
[BlackElo "1199"]
[BlackTeam "Manchester Juniors B"]
[Result "1-0"]

1. e4 e5 2. Bc4 Nf6 3. d3 Nc6 4. a3 Bc5 5. Be3 Bb6 6. Bxb6 axb6 7. Nf3 d6 8. c3 Bg4 9. Nbd2 d5 10. Bb5 dxe4 11. dxe4 O-O 12. O-O Ra5 13. a4 Ne7 14. h3 Bh5 15. Be2 Ra8 16. Nc4 Nxe4 17. Ncxe5 Qxd1 18. Raxd1 Rxa4 19. Rd7 Re8 20. Rxc7 Ra7 21. Bb5 Rd8 22. Rxe7 Nc5 23. Bc4 Raa8 24. Nxf7 Rf8 25. Nd6+ Kh8 26. g4 Bg6 27. Nh4 Bc2 28. Nhf5 g6 29. Nh6 Rf3 30. Ndf7+ Kg7 31. Ne5+ Kf6 32. Rf7+ Kxe5 33. Rxf3 Be4 34. Nf7# 1-0

[Event "4NCL Online Division 3"]
[Site "online"]
[Date "2022.02.08"]
[EventDate "2022.02.08"]
[Round "2.131"]
[White "Vaidyanathan, Sathya"]
[WhiteElo "1468"]
[WhiteTeam "Warwickshire Bears B"]
[Black "Bray, David"]
[BlackElo "2012"]
[BlackTeam "Braunstone"]
[Result "0-1"]

1. e4 c5 2. Nf3 e6 3. Bc4 Nc6 4. Nc3 Nf6 5. a3 d5 6. exd5 exd5 7. Ba2 Be7 8. h3 O-O 9. O-O h6 10. d4 c4 11. Bf4 a6 12. Ne2 Ne4 13. c3 Bf5 14. Ng3 Nxg3 15. Bxg3 Re8 16. Ne5 Nxe5 17. Bxe5 Bd6 18. Bxd6 Qxd6 19. Bb1 Bxb1 20. Rxb1 Re6 21. Qf3 Rae8 22. Rfd1 Rf6 23. Qg3 Qxg3 24. fxg3 Re3 25. g4 Re2 26. Re1 Rff2 27. Rxe2 Rxe2 28. Kf1 Rc2 29. Kg1 Kf8 30. Kh2 Ke7 31. Kg3 Kd6 32. Rf1 Rxb2 33. Rxf7 Rb3 34. Rxg7 Rxc3+ 35. Kf4 Rb3 36. Rg6+ Kc7 37. Re6 Rxa3 38. Rxh6 Rd3 39. Rh7+ Kb6 40. Rh6+ Kb5 41. Rd6 Rxd4+ 42. Ke5 Kc5 43. Rd8 Re4+ 44. Kf5 Re2 45. g5 Rxg2 46. g6 c3 47. Rc8+ Kb4 48. Rc7 b5 49. Kf6 d4 50. g7 d3 51. Rd7 d2 52. Rd4+ Kc5 53. Rg4 Rxg4 54. hxg4 d1=Q 55. g8=Q Qd4+ 56. Ke7 Qd6+ 57. Kf7 Qd5+ 58. Kf8 Qxg8+ 59. Kxg8 c2 60. g5 c1=Q 61. g6 Qc4+ 62. Kh7 Qh4+ 63. Kg8 Qf6 64. g7 Qxg7+ 65. Kxg7 b4 66. Kf8 b3 67. Kf7 b2 68. Kg8 b1=Q 69. Kg7 Qf5 70. Kg8 a5 71. Kg7 a4 72. Kg8 a3 73. Kg7 a2 74. Kh6 Qg4 75. Kh7 Kd6 76. Kh6 Ke6 77. Kh7 Kf7 78. Kh6 Qg6# 0-1

[Event "4NCL Online Division 3"]
[Site "online"]
[Date "2022.02.08"]
[EventDate "2022.02.08"]
[Round "2.132"]
[White "Tang, Julian"]
[WhiteElo "1772"]
[WhiteTeam "Braunstone"]
[Black "Miller, Kai"]
[BlackElo "1434"]
[BlackTeam "Warwickshire Bears B"]
[Result "1-0"]

1. e4 e5 2. Nf3 Nc6 3. d4 exd4 4. Bc4 Be7 5. c3 d6 6. cxd4 Bg4 7. Be3 Nf6 8. Nbd2 O-O 9. a3 d5 10. exd5 Nxd5 11. O-O Nxe3 12. fxe3 Bg5 13. Qb3 Na5 14. Qc3 Nxc4 15. Nxc4 Bh6 16. Rae1 f6 17. e4 b5 18. Ne3 g6 19. Nxg4 Bg7 20. e5 f5 21. Ne3 Kh8 22. Qc5 a6 23. Nd5 Rf7 24. e6 Rf6 25. Nxf6 Qxf6 26. d5 Rg8 27. Qxc7 Qxb2 28. e7 Re8 29. Qd7 Rg8 30. e8=Q 1-0

[Event "4NCL Online Division 3"]
[Site "online"]
[Date "2022.02.08"]
[EventDate "2022.02.08"]
[Round "2.133"]
[White "Xia, Weiquan"]
[WhiteElo "1465"]
[WhiteTeam "Warwickshire Bears B"]
[Black "Hart, Gavin"]
[BlackElo "1788"]
[BlackTeam "Braunstone"]
[Result "0-1"]

1. d4 c5 2. c3 Nc6 3. Nf3 cxd4 4. Nxd4 e5 5. Nxc6 bxc6 6. e3 d5 7. e4 Nf6 8. Bd3 dxe4 9. Bc2 Ba6 10. Qxd8+ Rxd8 11. Bg5 Bd3 12. Na3 Bxa3 13. Bxd3 Bxb2 14. Bxf6 gxf6 15. Bxe4 Bxa1 16. Ke2 Bxc3 17. Bxc6+ Ke7 18. Rc1 Bd4 19. Rb1 Rb8 20. Rb3 Rxb3 21. axb3 Rc8 22. Be4 h6 23. Bd3 Rc3 24. b4 Rb3 25. b5 Kd6 26. Bc4 Rb4 27. Bxf7 Rxb5 28. Kf3 Rb2 29. h4 Rxf2+ 30. Kg4 Rxg2+ 31. Kh5 Be3 32. Bd5 Rg1 33. Bg2 a5 34. Bd5 a4 35. Bb3 a3 36. Bc4 Rg2 37. Bd5 Rh2 38. Bf3 a2 39. Kg6 Rxh4 40. Kxf6 Rf4+ 41. Kg6 Rxf3 42. Kh5 a1=Q 0-1

[Event "4NCL Online Division 3"]
[Site "online"]
[Date "2022.02.08"]
[EventDate "2022.02.08"]
[Round "2.134"]
[White "Pyun, Lindsay"]
[WhiteElo "1753"]
[WhiteTeam "Braunstone"]
[Black "Khashu, Rohan"]
[BlackElo "1108"]
[BlackTeam "Warwickshire Bears B"]
[Result "1-0"]

1. e4 e5 2. Nf3 Nc6 3. Bc4 Bc5 4. d3 Nf6 5. O-O d6 6. h3 h6 7. Nc3 O-O 8. Be3 Bxe3 9. fxe3 Bd7 10. Qd2 a6 11. Ne2 b5 12. Bb3 a5 13. a4 bxa4 14. Bxa4 Qe7 15. Ng3 d5 16. Qc3 dxe4 17. Bxc6 Bxc6 18. Qxc6 exf3 19. Qxf3 Rae8 20. Rxa5 e4 21. dxe4 Nxe4 22. Nxe4 Qxe4 23. Qxe4 Rxe4 24. Rc5 Rxe3 25. Rxc7 f6 26. b4 Rd8 27. Rf2 Rd1+ 28. Kh2 Ree1 29. b5 Rh1+ 30. Kg3 Rb1 31. c4 Rb3+ 32. Kf4 Rd1 33. Kf5 Rd8 34. Re2 Rg3 35. Rce7 Rg5+ 36. Kf4 Rd4+ 37. R7e4 Rd8 38. Re8+ Rxe8 39. Rxe8+ Kf7 40. Re2 g6 41. b6 Rf5+ 42. Kg3 Rc5 43. b7 Rxc4 44. b8=Q Rc3+ 45. Kh2 g5 46. Qe8+ Kg7 47. Re7# 1-0

[Event "4NCL Online Division 3"]
[Site "online"]
[Date "2022.02.08"]
[EventDate "2022.02.08"]
[Round "2.141"]
[White "Ciesielski, Marceli"]
[WhiteElo "1777"]
[WhiteTeam "Hackney Hackers"]
[Black "Kucukyildiz, Alp Tugrul"]
[BlackElo "1500"]
[BlackTeam "KCS U13"]
[Result "1-0"]

1. d4 Nf6 2. Bf4 g6 3. Nc3 Bg7 4. e4 d6 5. Qd2 O-O 6. O-O-O Nbd7 7. Nf3 a5 8. h4 c5 9. dxc5 Nxc5 10. e5 Nfe4 11. Nxe4 Nxe4 12. Qe3 Bf5 13. g4 Bxg4 14. Qxe4 Bf5 15. Qe3 Rc8 16. Nd4 Qc7 17. Bd3 Bxd3 18. Qxd3 dxe5 19. Nb5 Qb6 20. Be3 Qc6 21. Na7 e4 22. Nxc6 exd3 23. Nxe7+ Kh8 24. Nxc8 dxc2 25. Rd2 Rxc8 26. Rxc2 Re8 27. Rc7 Kg8 28. Rd1 Bf6 29. h5 gxh5 30. Rdd7 h4 31. Rxf7 Be5 32. Rxb7 h3 33. Rxh7 h2 34. Kd2 Rb8 35. Rxb8+ Kxh7 36. Rb5 h1=Q 37. Rxe5 Qb7 38. Bd4 Qb4+ 39. Kd3 Qa4 40. a3 Qd1+ 41. Kc4 Qa4+ 42. Kc5 Qc2+ 43. Kb6 Qd2 44. Bc3 Qd8+ 45. Kb5 Kg6 46. f4 Qh4 47. f5+ Kf7 48. Kxa5 Qd8+ 49. Kb5 Qd7+ 50. Kc4 Qc6+ 51. Kb3 Qb6+ 52. Ka2 Qc6 53. Ka1 Qh1+ 54. Re1 Qd5 55. f6 Qb3 56. Re7+ Kf8 57. Bb4 Qd1+ 58. Ka2 Qd5+ 59. b3 Qg2+ 60. Re2+ 1-0

[Event "4NCL Online Division 3"]
[Site "online"]
[Date "2022.02.08"]
[EventDate "2022.02.08"]
[Round "2.142"]
[White "Luthia, Indra Jatin"]
[WhiteElo "1376"]
[WhiteTeam "KCS U13"]
[Black "Conway, Paul Bernard"]
[BlackElo "1833"]
[BlackTeam "Hackney Hackers"]
[Result "0-1"]

1. e4 e6 2. d4 d5 3. exd5 Qxd5 4. Nc3 Bb4 5. Nf3 Nf6 6. Be2 Ne4 7. Bd2 Bxc3 8. Bxc3 Nxc3 9. bxc3 Nd7 10. O-O b6 11. c4 Qd6 12. Ng5 Bb7 13. Bf3 Bxf3 14. Qxf3 O-O 15. c3 Rac8 16. Rad1 h6 17. Nh3 Qa3 18. Rd2 Qa4 19. Qd3 Rfd8 20. Qe2 Qa5 21. Rc2 Qf5 22. Rfc1 c5 23. Qe3 Nf6 24. Rd2 Ne4 25. Rdc2 Nd6 26. Qe2 Rc7 27. a4 Nb7 28. Rb2 cxd4 29. Rd2 d3 30. Qe3 Na5 31. Qg3 Rcd7 32. Qh4 Nb3 0-1

[Event "4NCL Online Division 3"]
[Site "online"]
[Date "2022.02.08"]
[EventDate "2022.02.08"]
[Round "2.143"]
[White "Scott, David"]
[WhiteElo "1818"]
[WhiteTeam "Hackney Hackers"]
[Black "Buanne, Giulio"]
[BlackElo "1240"]
[BlackTeam "KCS U13"]
[Result "1-0"]

1. d4 d5 2. c4 e6 3. Nc3 Nf6 4. Nf3 Be7 5. e3 O-O 6. Be2 c5 7. O-O Nc6 8. b3 b6 9. Bb2 Bb7 10. dxc5 bxc5 11. Qd2 Qc7 12. cxd5 exd5 13. Nxd5 Nxd5 14. Qxd5 Nd4 15. Qc4 Nxf3+ 16. Bxf3 Bxf3 17. gxf3 Rfd8 18. Qg4 g6 19. Rfd1 Bd6 20. f4 Qd7 21. Qxd7 Rxd7 22. Rd5 Rc8 23. Rad1 Rc6 24. e4 Re7 25. Rxd6 Rxd6 26. Rxd6 Re8 27. Rc6 Kf8 28. e5 Rd8 29. Ba3 Kg7 30. Bxc5 a5 31. b4 axb4 32. Bxb4 Ra8 33. a3 Rd8 34. Kg2 Rd4 35. Rc8 Kh6 36. Kg3 Rd1 37. Kh4 Rh1 38. Bf8# 1-0

[Event "4NCL Online Division 3"]
[Site "online"]
[Date "2022.02.08"]
[EventDate "2022.02.08"]
[Round "2.144"]
[White "Pasha, Zayn"]
[WhiteElo "972"]
[WhiteTeam "KCS U13"]
[Black "Figueroa, Edison"]
[BlackElo "1793"]
[BlackTeam "Hackney Hackers"]
[Result "0-1"]

1. d4 Nf6 2. c4 e5 3. dxe5 Ne4 4. Nf3 d6 5. exd6 Bxd6 6. Nbd2 Bf5 7. Nd4 Bg6 8. Nxe4 Bxe4 9. Nb5 Bb4+ 10. Bd2 Bxd2+ 11. Qxd2 Qe7 12. Nc3 Nc6 13. Nxe4 Qxe4 14. e3 Rd8 15. Qc3 O-O 16. Rc1 Rfe8 17. a3 Rd6 18. Qc2 Qh4 19. c5 Rxe3+ 20. Qe2 Rxe2+ 21. Bxe2 Re6 22. g3 0-1

[Event "4NCL Online Division 3"]
[Site "online"]
[Date "2022.02.08"]
[EventDate "2022.02.08"]
[Round "2.151"]
[White "Virgin, Jack"]
[WhiteElo "1844"]
[WhiteTeam "Charlton Cobras B"]
[Black "Gardiner, Harry"]
[BlackElo "1698"]
[BlackTeam "Crewe BOL"]
[Result "1-0"]

1. e4 e5 2. Nf3 Nc6 3. Bc4 Bc5 4. c3 Nf6 5. d4 exd4 6. cxd4 Bb4+ 7. Nc3 Nxe4 8. O-O Bxc3 9. bxc3 d5 10. Bd3 O-O 11. Qc2 Re8 12. Re1 Bf5 13. Bf4 Bg6 14. Rab1 Rb8 15. c4 Nf6 16. Rxe8+ Nxe8 17. Bxg6 hxg6 18. c5 Qf6 19. Be5 Nxe5 20. Nxe5 Qe6 21. Qa4 f6 22. Nf3 a6 23. Re1 Qc6 24. Qc2 g5 25. Qf5 b6 26. h4 bxc5 27. hxg5 cxd4 28. g6 1-0